| 000 | 00809cam a2200277 4500 | ||
|---|---|---|---|
| 001 | 16172 | ||
| 003 | BD-RjUL | ||
| 005 | 20211208235952.0 | ||
| 008 | 140211s1974 njua b 001 0 eng | ||
| 020 | _a0130010812 | ||
| 035 | _a(BD-RjUL)16227 | ||
| 040 |
_aDLC _cDLC _dDLC _beng |
||
| 041 | _aeng | ||
| 082 | 0 | 0 |
_a658.15 _bHOA 1974 |
| 100 | 1 |
_aHorngren, Charles T., _d1926- _950051 |
|
| 245 | 1 | 0 |
_aAccounting for management control: _ban introduction / _c[by] Charles T. Horngren. |
| 250 | _a3d ed. | ||
| 260 |
_aEnglewood Cliffs, N.J. : _bPrentice-Hall, _c1974 |
||
| 300 |
_axix, 619 p. : _billus. ; _c24 cm. |
||
| 504 | _aIncludes index | ||
| 650 | 0 |
_aManagerial accounting. _950052 |
|
| 650 | 0 |
_aCost accounting. _950053 |
|
| 942 |
_2ddc _cBK |
||
| 999 |
_c16172 _d16172 |
||